00762nam a2200193Ia 4500003000900000008004100009020001400050040001600064080002200080111008700102245019000189260004000379300001400419650004100433650003900474650000800513700002600521700002100547IN-BaIIA211028s9999 xx 000 0 eng d a0379-6566 cIIA Library a52-76(082)bESA-4 aInternational Ultraviolet Explorer Conference n4thcRome, Italyd1984 May 15-18 0aFourth European IUE Conferencebproceedings of the fourth international ultraviolet explorer Conference held in Rome, Italy, 15-18 May 1984cedited by Erica Rolfe and Bruce Battrick aFrancebEuropean Space Agencyc1984 axx, 518p. aAstronomy and Astrophysics Thesaurus aInternational Ultraviolet Explorer aIUE aBattrick, Bruce., ed. aRolfe, Eric, ed.